000 01080nam a2200205Ia 4500
008 151119s9999||||xx |||||||||||||| ||und||
082 _a294महाज/श्रीमद्
082 _bGKKV33622
100 _a"महाजन, जगन्नाथ"
245 _aश्रीमद् भागवत पुराणाचे भावार्थ दर्शन (भक्त भागवतांचा दीपस्तंभ)
260 _aमुंबई
260 _bसामंत पब्लिकेशन्स
260 _c2007
300 _a175p.
600 _a"महाजन, जगन्नाथ"
630 _aश्रीमद् भागवत पुराणाचे भावार्थ दर्शन (भक्त भागवतांचा दीपस्तंभ)
700 _a"महाजन, जगन्नाथ"
730 _aश्रीमद् भागवत पुराणाचे भावार्थ दर्शन (भक्त भागवतांचा दीपस्तंभ)
942 _cBOOK
999 _c1085917
_d1085914